000 00596nam a2200205 a 4500
005 20240924071152.0
008 991125s1997 mx 000 0 spa u
020 _a9682997844
035 _aUPN01000006955
049 _aI
050 4 _aPZ74.9
_bB72
100 1 _aBrozon, M. B.,
_d1970-
_931044
245 1 1 _a¡Casi medio año! /
_cMónica Beltrán Brozon.
260 _aMéxico :
_bCNCA :
_c1997.
_bSM,
300 _a131 p. :
_bil.
440 3 _aEl barco de vapor.
_pNaranja ;
_v67
500 _aPremio el barco de vapor 1996 - México
650 4 _aLiteratura infantil
_94445
905 _aInfantil
999 _c6955
_d6955